Touhou characters native name. - Statistics

General Stats
  • This quiz has been taken 28 times
  • The average score is 33 of 38
Answer Stats
Game Native name Character % Correct
Highly Responsive to Prayers 博麗 霊夢 Reimu Hakurei
100%
Perfect Cherry Blossom Chen
96%
Embodiment of Scarlet Devil ルーミア Rumia
96%
Perfect Cherry Blossom 八雲 紫 Yukari Yakumo
96%
Embodiment of Scarlet Devil チルノ Cirno
92%
Embodiment of Scarlet Devil フランドール・スカーレット Flandre Scarlet
92%
Embodiment of Scarlet Devil 紅 美鈴 Hong Meiling
92%
Perfect Cherry Blossom ルナサ・プリズムリバ Lunasa Prismriver
92%
Perfect Cherry Blossom リリカ・プリズムリバ Lyrica Prismriver
92%
Story of Eastern Wonderland 霧雨 魔理沙 Marisa Kirisame
92%
Perfect Cherry Blossom メルラン・プリズムリバ Merlin Prismriver
92%
Embodiment of Scarlet Devil パチュリー・ノーレッジ Patchouli Knowledge
92%
Perfect Cherry Blossom 八雲 藍 Ran Yakumo
92%
Embodiment of Scarlet Devil レミリア・スカーレット Remilia Scarlet
92%
Embodiment of Scarlet Devil 十六夜 咲夜 Sakuya Izayoi
92%
Imperishable Night 因幡 てゐ Tewi Inaba
92%
Mystic Square/Perfect Cherry Blossom アリス・マーガトロイド Alice Margatroid
88%
Lotus Land Story エリー Elly
88%
Mountain of Faith 洩矢 諏訪子 Suwako Moriya
88%
Perfect Cherry Blossom 魂魄 妖夢 Youmu Konpaku
88%
Perfect Cherry Blossom 西行寺 幽々子 Yuyuko Saigyouji
88%
Phantasmagoria of Flower View 射命丸 文 Aya Shameimaru
83%
Phantasmagoria of Flower View 四季映姫・ヤマザナドゥ Eiki Shiki, Yamaxanadu
83%
Imperishable Night 八意 永琳 Eirin Yagokoro
83%
Imperishable Night 蓬莱山 輝夜 Kaguya Houraisan
83%
Mountain of Faith 東風谷 早苗 Sanae Kochiya
83%
Immaterial and Missing Power 伊吹 萃香 Suika Ibuki
83%
Lotus Land Story/Phantasmagoria of Flower View 風見 幽香 Yuuka Kazami
83%
Imperishable Night 藤原 妹紅 Fujiwara no Mokou
79%
Imperishable Night 上白沢 慧音 (白澤形) Keine Kamishirasawa (Hakutaku Form)
79%
Imperishable Night 上白沢 慧音 (人間の形) Keine Kamishirasawa (Human Form)
79%
Phantasmagoria of Flower View 小野塚 小町 Komachi Onozuka
79%
Mountain of Faith 河城 にとり Nitori Kawashiro
79%
Imperishable Night 鈴仙・優曇華院・イナバ Reisen Udongein Inaba
79%
Mountain of Faith 鍵山 雛 Hina Kagiyama
75%
Mountain of Faith 八坂 神奈子 Kanako Yasaka
75%
Scarlet Weather Rhapsody 比那名居 天子 Tenshi Hinanawi
75%
Mountain of Faith 犬走 椛 Momiji Inubashiri
58%
No matching quizzes found
Score Distribution
Percent of People with Each Score
Percentile by Number Answered
Your Score History
You have not taken this quiz